[Event "Mogliano Veneto op-B 38th"]
[Site "Mogliano Veneto"]
[Date "2017.04.30"]
[Round "2.19"]
[White "Pierrat, Marco"]
[Black "Chin, Roberto"]
[Result "1/2-1/2"]
[WhiteElo "1738"]
[BlackElo "1674"]
[PlyCount "59"]
[EventDate "2017.04.29"]
[EventType "swiss"]
[EventRounds "5"]
[EventCountry "ITA"]
[SourceTitle "EXT 2023"]
[Source "ChessBase"]
[SourceDate "2022.10.05"]
[SourceVersion "1"]
[SourceVersionDate "2022.10.05"]
[SourceQuality "1"]

1. e4 c5 2. Nf3 e6 3. d4 cxd4 4. Nxd4 a6 5. Nc3 Qc7 6. Bd3 Nc6 7. Be3 Nf6 8. 0-0 Be7 9. f4 d6 10. Qf3 0-0 11. Nxc6 bxc6 12. Qg3 Nh5 13. Qh3 g6 14. Qf3 Rb8 15. Rab1 d5 16. g4 dxe4 17. Nxe4 Nf6 18. Nxf6+ Bxf6 19. g5 Bxb2 20. Rxb2 Rxb2 21. Bd4 Qb7 22. Bf6 e5 23. f5 Qb6+ 24. Rf2 Rb1+ 25. Bf1 Bxf5 26. Qg3 Re8 27. Qh4 Qd4 28. Qh6 Qg4+ 29. Rg2 Qd4+ 30. Rf2 1/2-1/2

[Event "Chioggia op-B 11th"]
[Site "Chioggia"]
[Date "2016.10.08"]
[Round "3"]
[White "Dalla Palma, Giovanni"]
[Black "Chin, Roberto"]
[Result "1-0"]
[WhiteElo "1782"]
[BlackElo "1621"]
[PlyCount "29"]
[EventDate "2016.10.07"]
[EventType "swiss"]
[EventRounds "5"]
[EventCountry "ITA"]
[SourceTitle "EXT 2022"]
[Source "ChessBase"]
[SourceDate "2021.10.06"]
[SourceVersion "1"]
[SourceVersionDate "2021.10.06"]
[SourceQuality "1"]

1. e4 c5 2. c3 e6 3. d4 cxd4 4. cxd4 a6 5. Nc3 d6 6. Bd3 Be7 7. e5 dxe5 8. dxe5 Qc7 9. Nf3 Nc6 10. Qe2 Bc5 11. 0-0 Nge7 12. Bf4 Ng6 13. Bg3 b5 14. Ne4 Ncxe5 15. Nxe5 1-0

[Event "Mogliano Veneto op-C 34th"]
[Site "Mogliano Veneto"]
[Date "2013.04.27"]
[Round "4"]
[White "Chin, Roberto"]
[Black "Luu, Gianmarco"]
[Result "0-1"]
[WhiteElo "1629"]
[BlackElo "1392"]
[PlyCount "50"]
[EventDate "2013.04.25"]
[EventType "swiss"]
[EventRounds "6"]
[EventCountry "ITA"]
[SourceTitle "EXT 2024"]
[Source "ChessBase"]
[SourceDate "2023.10.10"]
[SourceVersion "1"]
[SourceVersionDate "2023.10.10"]
[SourceQuality "1"]

1. d4 d5 2. Nf3 Nf6 3. e3 Nc6 4. Bd3 e6 5. Nbd2 Bd6 6. c3 0-0 7. 0-0 Re8 8. Re1 e5 9. dxe5 Nxe5 10. Nxe5 Bxe5 11. h3 c6 12. Nf3 Bc7 13. b3 Qd6 14. a4 Be6 15. Ba3 Qd7 16. Kf1 b6 17. Qc2 h6 18. Rad1 Nh5 19. c4 Bxh3 20. cxd5 Bxg2+ 21. Kxg2 Qg4+ 22. Kf1 Qxf3 23. Kg1 Qg4+ 24. Kf1 Qf3 25. Kg1 Be5 0-1

[Event "Chioggia op-B 07th"]
[Site "Chioggia"]
[Date "2012.10.14"]
[Round "5"]
[White "Schgaguler, Gunther"]
[Black "Chin, Roberto"]
[Result "0-1"]
[WhiteElo "1566"]
[BlackElo "1671"]
[PlyCount "96"]
[EventDate "2012.10.12"]
[EventType "swiss"]
[EventRounds "5"]
[EventCountry "ITA"]
[SourceTitle "EXT 2022"]
[Source "ChessBase"]
[SourceDate "2021.10.06"]
[SourceVersion "1"]
[SourceVersionDate "2021.10.06"]
[SourceQuality "1"]

1. e4 d6 2. d4 Nf6 3. Nc3 g6 4. Be3 Bg7 5. Be2 a6 6. Qd2 b5 7. Bd3 Ng4 8. h3 Nxe3 9. Qxe3 Nc6 10. Nf3 Nb4 11. a3 Nxd3+ 12. Qxd3 0-0 13. b3 Bb7 14. a4 b4 15. Ne2 a5 16. Qe3 Ba6 17. c4 bxc3 18. Nxc3 c6 19. Rb1 Qc7 20. Ne2 Qb6 21. h4 Qb4+ 22. Qc3 Qb6 23. Qe3 h6 24. g4 Rab8 25. Kd2 Qa7 26. Rhc1 Rb6 27. Ke1 Rfb8 28. e5 Bc8 29. exd6 exd6 30. g5 h5 31. d5 c5 32. Rc4 Bf5 33. Rbc1 Rxb3 34. Nc3 Qd7 35. Kf1 Re8 36. Qd2 Bh3+ 37. Kg1 Rb4 38. Ne2 Qxa4 39. Rxb4 axb4 40. Nf4 Qd7 41. Nxh3 Qg4+ 42. Kh2 Qxf3 43. Re1 Rxe1 44. Qxe1 Be5+ 45. Nf4 Qxf4+ 46. Kg2 Qxh4 47. Kf1 Qh1+ 48. Ke2 Qxe1+ 0-1

[Event "Chioggia op-B 07th"]
[Site "Chioggia"]
[Date "2012.10.13"]
[Round "2"]
[White "Chin, Roberto"]
[Black "Tonina, Alessia"]
[Result "1/2-1/2"]
[WhiteElo "1671"]
[BlackElo "1670"]
[PlyCount "88"]
[EventDate "2012.10.12"]
[EventType "swiss"]
[EventRounds "5"]
[EventCountry "ITA"]
[SourceTitle "EXT 2022"]
[Source "ChessBase"]
[SourceDate "2021.10.06"]
[SourceVersion "1"]
[SourceVersionDate "2021.10.06"]
[SourceQuality "1"]

1. d4 Nf6 2. Nf3 e6 3. e3 Be7 4. Bd3 0-0 5. Nbd2 b6 6. 0-0 Bb7 7. c3 d6 8. Re1 Nbd7 9. Qe2 a6 10. e4 d5 11. e5 Ne8 12. Nf1 h6 13. Bc2 f6 14. exf6 Rxf6 15. Ng3 Nf8 16. Nh5 Bd6 17. Nxf6+ Qxf6 18. Ne5 c5 19. Ng4 Qe7 20. Ne5 Qf6 21. Qd3 c4 22. Qh3 Bc7 23. Qg4 Bxe5 24. Rxe5 Kh8 25. Bf4 Rd8 26. Rae1 Bc8 27. Qg3 Nd6 28. R5e2 Nf7 29. Bb1 b5 30. Re3 Qe7 31. Bc2 Re8 32. h3 Qf6 33. Rf3 Qd8 34. Be5 Nxe5 35. Qxe5 Nd7 36. Qd6 Nf6 37. Qxd8 Rxd8 38. Bg6 Rd6 39. Rfe3 Kg8 40. f4 Kf8 41. Re5 Ng8 42. Rf1 Ne7 43. Bc2 Nf5 44. Rfe1 g6 1/2-1/2

[Event "Mogliano Veneto op-C 32nd"]
[Site "Mogliano Veneto"]
[Date "2011.05.01"]
[Round "4"]
[White "Chin, Roberto"]
[Black "Giancristofaro, Luca"]
[Result "0-1"]
[WhiteElo "1491"]
[BlackElo "1557"]
[PlyCount "82"]
[EventDate "2011.04.29"]
[EventType "swiss"]
[EventRounds "5"]
[EventCountry "ITA"]
[SourceTitle "EXT 2024"]
[Source "ChessBase"]
[SourceDate "2023.10.10"]
[SourceVersion "1"]
[SourceVersionDate "2023.10.10"]
[SourceQuality "1"]

1. d4 d5 2. Nf3 Nf6 3. e3 e6 4. Bd3 Bd6 5. Nbd2 0-0 6. 0-0 b6 7. Re1 Bb7 8. c3 Nbd7 9. e4 dxe4 10. Nxe4 Be7 11. Bf4 h6 12. Qe2 Nxe4 13. Bxe4 Bxe4 14. Qxe4 Nf6 15. Qe2 Bd6 16. Ne5 Re8 17. Rad1 Nd5 18. Bd2 Qh4 19. Qf3 Qf6 20. Qe4 Bxe5 21. dxe5 Qe7 22. a3 b5 23. Qg4 Kh8 24. Qh5 Qf8 25. h3 Ne7 26. Qe2 a6 27. c4 c6 28. Bb4 Red8 29. Bd6 Qe8 30. c5 Nd5 31. Qd2 a5 32. Re4 Qg8 33. Rde1 g5 34. h4 Nf4 35. hxg5 hxg5 36. g3 Qg6 37. gxf4 gxf4+ 38. Kf1 f3 39. Rh4+ Kg7 40. Qh6+ Qxh6 41. Rxh6 Kxh6 0-1

[Event "Mogliano Veneto op-C 32nd"]
[Site "Mogliano Veneto"]
[Date "2011.04.29"]
[Round "1"]
[White "Stefanutti, Piero"]
[Black "Chin, Roberto"]
[Result "1/2-1/2"]
[WhiteElo "1392"]
[BlackElo "1491"]
[PlyCount "101"]
[EventDate "2011.04.29"]
[EventType "swiss"]
[EventRounds "5"]
[EventCountry "ITA"]
[SourceTitle "EXT 2024"]
[Source "ChessBase"]
[SourceDate "2023.10.10"]
[SourceVersion "1"]
[SourceVersionDate "2023.10.10"]
[SourceQuality "1"]

1. e4 d6 2. d4 Nf6 3. Nc3 g6 4. Be2 Bg7 5. Be3 Nc6 6. f3 a6 7. Qd2 0-0 8. g4 Kh8 9. h4 Kg8 10. Nh3 e5 11. d5 Nd4 12. Nd1 b5 13. c3 Nxe2 14. Qxe2 Bd7 15. Ndf2 a5 16. g5 Nh5 17. Rg1 b4 18. Ng4 f5 19. Ngf2 f4 20. Bd2 bxc3 21. Bxc3 Ba4 22. Qd2 c5 23. Nd1 Rf7 24. Qh2 Rb7 25. Rg2 Qc8 26. Nhf2 Qe8 27. Ng4 Qf8 28. Rd2 Bb5 29. Ndf2 Ba4 30. Nd1 c4 31. Qg2 Bb5 32. Rb1 a4 33. a3 Qf7 34. Kf1 Bf8 35. Ke1 Kh8 36. Qh2 Be7 37. Qg2 Bd8 38. Rc2 Bc7 39. Qh2 Qf8 40. Qg2 Qd8 41. Nh6 Kg7 42. Ng4 Rab8 43. Qh2 Ba6 44. Qg2 Rb3 45. Rbc1 Ba5 46. Qd2 Bb6 47. Qg2 Qc7 48. Qh2 Qa7 49. Qg2 Ng3 50. Qh2 Bg1 51. Qg2 1/2-1/2